00000000nas##2200000za#4500
0019.514032
003CaOODSP
00520200325133023
007ta
008150406c1997||||xxc|| p #||||f|   |0fre|d
022 |a1914-7287
040 |aCaOODSP|bfre
043 |an-cn---
0861 |aH115-4F
1101 |aCanada. |bInstitut canadien d'information sur la santé.
24510|aRapport, traumatismes graves au Canada
24613|aRegistre national des traumatismes, rapport ... traumatismes graves au Canada
260 |aOttawa - Ontario : |bInstitut canadien d'information sur la santé
310 |aAnnuel
3621 |a[1996/97?] --
5203 |aContient des données sur les patients hospitalisés en raison d'un traumatisme grave. Les données proviennent du fichier étendu du Registre.
69107|aBlessure|2gcpds
77508|tMajor injury in Canada report |w(CaOODSP)9.515709
7760#|tRegistre national des traumatismes. Traumatismes graves au Canada : |w(CaOODSP)9.502468